000 00408nam a2200181Ia 4500
001 2933
005 20260306144843.0
008 260306t2003||||xx |||||||||||||| ||spa||
041 _aESP
082 _a234
_bK46
100 _aKessler, Hans
_eAUT
245 0 _aManual de cristologĂ­a
260 _c2003
300 _a245 páginas :
_c22 cm.
650 _aGEN
654 _aCHU
942 _cLIB
_dJUS
_fJUS
_2ddc
_n
999 _c2933
_d2933